| 000 | 00370nam a2200133Ia 4500 | ||
|---|---|---|---|
| 008 | 230917s9999||||xx |||||||||||||| ||und|| | ||
| 040 |
_e179955 _aMAIN |
||
| 041 | _aEnglish | ||
| 082 | _a34:363.6 U3W | ||
| 245 | 4 | _aThe water (prevention and control of pollution) act, 1974 | |
| 260 |
_aNew Delhi _bUniversal Law Publishing Co. _c2001 |
||
| 300 | _a102 p. | ||
| 942 | _cBK | ||
| 999 |
_c108071 _d108071 |
||